000 00926nam a2200229 a 4500
001 79095
003 BD-RjUL
005 20220102113059.0
008 220102s2020 bg ||||| |||| 00| 0 ben d
020 _a9789843480828
_c: Tk.800.00
035 _a(BD-RjUL)79095
040 _aBD-RjUL
_beng
_cBD-RjUL
041 _aben
082 _223
_a954.9205092
_bDHI 2020
245 _a বঙ্গবন্ধুর দ্বিতীয় বিপ্লব /
_cআনু মাহ্‌মুদ গ্রন্থিত ও সম্পাদিত
260 _aঢাকা :
_bপ্রিয় বুক সেন্টার,
_c২০২০
300 _a৫২৭পৃ.;
_c২২ সেমি.
600 _aমুজিবুর রহমান,
_cশেখ,
_d১৯২০-১৯৭৫
_9166
600 _aMujibur Rahman,
_cSheikh,
_d1920-1975
700 _aআনু মাহ্‌মুদ
_9448
942 _2ddc
_cBK
999 _c79095
_d79095